Presidential Republic Countries - Statistics

General Stats
  • This quiz has been taken 29 times
  • The average score is 35 of 62
Answer Stats
Country % Correct
United States
100%
Argentina
90%
Mexico
85%
Brazil
80%
Peru
80%
Bolivia
75%
Chile
75%
Colombia
75%
Ecuador
75%
Honduras
75%
Panama
75%
South Korea
75%
Venezuela
75%
Guatemala
70%
Guyana
70%
Paraguay
70%
Uruguay
70%
Costa Rica
65%
El Salvador
65%
Ghana
65%
Kenya
65%
Nicaragua
65%
Nigeria
65%
Afghanistan
60%
Togo
60%
Turkey
60%
Angola
55%
Benin
55%
Dominican Republic
55%
Indonesia
55%
Iran
55%
Tajikistan
55%
Tanzania
55%
Turkmenistan
55%
Uganda
55%
Burundi
50%
Djibouti
50%
Kazakhstan
50%
Liberia
50%
Uzbekistan
50%
Zambia
50%
Zimbabwe
50%
Guinea
45%
Ivory Coast
45%
Philippines
45%
Senegal
45%
Sierra Leone
45%
Cameroon
40%
Chad
40%
Comoros
40%
Gambia
40%
Rwanda
40%
Belarus
35%
Central African Republic
35%
Equatorial Guinea
35%
Maldives
35%
Palau
35%
Cyprus
30%
Gabon
30%
Malawi
30%
Seychelles
30%
South Sudan
25%
No matching quizzes found
Score Distribution
Percent of People with Each Score
Percentile by Number Answered
Your Score History
You have not taken this quiz